Datum a čas kvízu
23
Celkem bodů
Celkový počet nahraných bodů na tomto kvízu bez doplňovacích otázek.
10.
Pořadí na kvízu
Konečné umístění týmu na tomto kvízu.
Zaznamenané odpovědi
| # | Otázka | Odpověď | Body | Výsledky |
|---|---|---|---|---|
| 1. | Policie Zlínského kraje vydala... | medvěd | 1 | |
| 2. | Ke dvěma a půl letům vězení by... | D | 1 | |
| 3. | Pod kterým pseudonymem působí... | Nemo | 1 | |
| 4. | Objem daňových nedoplatků za l... | Česká správa sociálního zabezpečení | 1 | |
| 5. | Po dvanáctidenní plavbě dovezl... | Marseille | 1 | |
| 6. | Podíváme se do zemí či krajů,... | Genovia, Anne Hathaway | 0.5 | |
| 7. | Ve filmu Tři veteráni ztvárnil... | B | 0 | |
| 8. | Brobdingnag, Laputa, Balnibarb... | Gulliverovy cesty, Jonathan Swift | 0.5 | |
| 9. | Přiřaďte tyto postavy z knižní... | 1C 2D 3A 4B | 0 | |
| 10. | Které drama režiséra Vladimíra... | Je třeba zabít Sekala | 0 |